History Quiz

Random History or Letter Quiz

That's What 'E' Said Quiz Stats

Quiz Updated Jun 12, 2015

Challenge
Share
Tweet
Embed
Score 0/20 Timer 08:00
0 Plays Today
% Correct
I know that is poetry.
89.8%
That a man living with HIV [is] not going to give it to anybody by playing basketball.
87.4%
I am potentially alienating a whole group of people.
86.1%
For they have left me nothing but ashes and carcasses to reign over.
84.3%
Thirty-nine times before I was satisfied.
83.6%
For scientific reasons.
83.2%
All men would quickly have perished.
83.1%
We shall always go on using generalities to which everyone can subscribe, and which mean very little.
82.9%
That may affect their hearts and minds in a way unlikely ever to be undone.
77.4%
Is the only sensible rule.
76.7%
% Correct
Is or is not the loftiest intelligence.
74.6%
Has the right to live decently takes time.
73.8%
Has imposed upon us as geniuses men of correct, facile talent, who follow the beaten track.
73.7%
Has been left to fight its battles alone.
70.2%
Fights like a savage against modern European troops.
69.2%
But that you have increased a habit.
65.7%
The former is inherent, the other is grafted on.
65.2%
Which is perpetually to be conquered.
57.4%
Nor is it so, I believe, in whist and the polka.
51.6%
As a rule the majority are wrong.
51.1%

You're not logged in!

Compare scores with friends on all Sporcle quizzes.
Sign Up with Email
OR
Log In

You Might Also Like...

Show Comments

Extras

Top Quizzes Today


Score Distribution

Your Account Isn't Verified!

In order to create a playlist on Sporcle, you need to verify the email address you used during registration. Go to your Sporcle Settings to finish the process.